00566 2200193 4500001002100000005001500021035002000036245011800056100001500174250001000189300002600199006001800225008003900243260004600282082000700328084001300335600001000348990001400358INLIS00000000001004520260604082409 a0010-06260000081 aEFEKTIVITAS KEBIJAKAN JAMINAN KESEHATAN NASIONAL PADA DINAS KESEHATAN KABUPATEN KATINGAN TAHUN 2025 /cFRITSIONAM0 aFRITSIONAM aCet 1 axvi, 107 hlm :bilus.a 260604 | | |  aPalangka Raya :bPerpustakaan UMPR,c2025 a81 a81 FRI e 4aTESIS a238122105